[Event "DVM U20 2019"]
[Site "Braunschweig GER"]
[Date "2019.12.27"]
[Round "1"]
[White "Klenk, Sofie"]
[Black "Gerold, Robin"]
[Result "1/2-1/2"]
[Termination "normal"]
[Board "5.6"]
[WhiteElo "1812"]
[BlackElo "1448"]
[WhiteClock "00:03:41"]
[BlackClock "00:07:12"]
[WhiteTeam "Schachfreunde Augsburg"]
[BlackTeam "SF HN-Biberach 1978 e.V."]
[PlyCount "118"]
[WhiteFideId "12996653"]
[BlackFideId "16235185"]
[EventCountry "GER"]
[EventRounds "7"]
[EventType "team-swiss"]
[EventDate "2019.12.26"]

1. e4 c5 2. Nf3 Nc6 3. d4 cxd4 {[%clk 1:30:38]} 4. Nxd4 g6 5. Nxc6 {[%clk
1:29:54]} bxc6 {[%clk 1:30:14]} 6. Qd4 {[%clk 1:29:31]} Nf6 {[%clk 1:30:16]} 7.
e5 {[%clk 1:27:38]} Nd5 {[%clk 1:29:17]} 8. e6 {[%clk 1:27:42]} f6 {[%clk
1:28:21]} 9. exd7+ {[%clk 1:26:45]} Bxd7 {[%clk 1:15:10]} 10. Bc4 {[%clk
1:16:21]} Qb6 {[%clk 1:15:10]} 11. Qh4 {[%clk 0:53:08]} Bg7 {[%clk 1:07:51]}
12. O-O O-O {[%clk 0:39:05]} 13. Bb3 {[%clk 0:46:49]} Kh8 {[%clk 0:33:36]} 14.
Bh6 {[%clk 0:44:09]} Bf5 {[%clk 0:29:46]} 15. Bxg7+ {[%clk 0:40:45]} Kxg7
{[%clk 0:27:48]} 16. Re1 {[%clk 0:39:58]} Rfe8 {[%clk 0:26:54]} 17. Nc3 {[%clk
0:35:20]} Nxc3 {[%clk 0:26:00]} 18. bxc3 {[%clk 0:35:47]} Rad8 {[%clk 0:25:04]}
19. Qc4 {[%clk 0:33:55]} Rd5 {[%clk 0:21:52]} 20. Rad1 {[%clk 0:31:24]} Be6
{[%clk 0:19:41]} 21. Qe4 {[%clk 0:24:40]} Rxd1 {[%clk 0:19:58]} 22. Rxd1 {[%clk
0:24:49]} Bxb3 {[%clk 0:20:18]} 23. cxb3 {[%clk 0:25:13]} Qc7 {[%clk 0:20:12]}
24. g3 {[%clk 0:18:52]} e5 {[%clk 0:18:36]} 25. Qc4 {[%clk 0:17:24]} Re7 {[%clk
0:18:43]} 26. Rd3 {[%clk 0:16:36]} Rd7 {[%clk 0:16:11]} 27. Rf3 {[%clk
0:16:08]} Qd6 {[%clk 0:15:49]} 28. Kg2 {[%clk 0:15:12]} Qd5 {[%clk 0:15:09]}
29. Qe2 {[%clk 0:14:17]} c5 30. Kf1 {[%clk 0:12:11]} Qd2 {[%clk 0:12:08]} 31.
Re3 {[%clk 0:12:11]} Kf7 32. Qxd2 {[%clk 0:06:58]} Rxd2 {[%clk 0:08:57]} 33.
Re2 {[%clk 0:07:21]} Rd1+ {[%clk 0:07:45]} 34. Re1 {[%clk 0:07:20]} Rd2 {[%clk
0:08:08]} 35. Re2 {[%clk 0:07:42]} Rd7 {[%clk 0:07:32]} 36. Ke1 {[%clk
0:07:55]} g5 {[%clk 0:06:29]} 37. Rd2 {[%clk 0:08:08]} Ke6 {[%clk 0:06:24]} 38.
Rxd7 {[%clk 0:08:10]} Kxd7 {[%clk 0:06:48]} 39. Ke2 {[%clk 0:08:34]} Kd6 {[%clk
0:07:10]} 40. Kd3 {[%clk 0:08:00]} h5 {[%clk 0:07:18]} 41. b4 f5 {[%clk
0:07:06]} 42. Kc4 {[%clk 0:07:26]} cxb4 {[%clk 0:07:24]} 43. cxb4 {[%clk
0:07:54]} h4 {[%clk 0:06:50]} 44. gxh4 {[%clk 0:05:57]} gxh4 {[%clk 0:07:05]}
45. a4 {[%clk 0:06:17]} e4 {[%clk 0:02:45]} 46. b5 {[%clk 0:04:36]} f4 {[%clk
0:03:19]} 47. a5 {[%clk 0:03:15]} e3 48. Kd3 exf2 {[%clk 0:03:08]} 49. Ke2
{[%clk 0:01:41]} Kc5 {[%clk 0:03:30]} 50. b6 {[%clk 0:01:59]} axb6 {[%clk
0:03:55]} 51. axb6 {[%clk 0:02:25]} Kxb6 {[%clk 0:04:23]} 52. Kxf2 {[%clk
0:02:43]} Kc6 {[%clk 0:04:49]} 53. Kf3 {[%clk 0:03:06]} Kd6 {[%clk 0:05:15]}
54. Kxf4 {[%clk 0:03:24]} Ke6 {[%clk 0:05:42]} 55. Kg4 {[%clk 0:02:23]} Kf6
{[%clk 0:05:54]} 56. Kxh4 {[%clk 0:02:46]} Kg6 {[%clk 0:06:10]} 57. Kg4 {[%clk
0:03:08]} Kh6 {[%clk 0:06:27]} 58. h4 {[%clk 0:03:16]} Kg6 {[%clk 0:06:50]} 59.
h5+ {[%clk 0:03:41]} Kh6 {[%clk 0:07:12]} 1/2-1/2

[Event "DVM U20 2019"]
[Site "Braunschweig GER"]
[Date "2019.12.27"]
[Round "1"]
[White "Küppers, Timo"]
[Black "Lutz, Ruben"]
[Result "1-0"]
[Termination "normal"]
[Board "6.1"]
[WhiteTitle "FM"]
[WhiteElo "2296"]
[BlackElo "2132"]
[WhiteClock "00:03:39"]
[BlackClock "00:00:36"]
[WhiteTeam "SF Katernberg"]
[BlackTeam "USV TU Dresden"]
[PlyCount "69"]
[WhiteFideId "16205820"]
[BlackFideId "12975974"]
[EventCountry "GER"]
[EventRounds "7"]
[EventType "team-swiss"]
[EventDate "2019.12.26"]

1. d4 d5 {[%clk 1:30:53]} 2. Nf3 {[%clk 1:30:26]} Nf6 {[%clk 1:31:08]} 3. g3
{[%clk 1:30:25]} e6 {[%clk 1:31:32]} 4. Bg2 {[%clk 1:30:47]} Be7 {[%clk
1:31:52]} 5. O-O {[%clk 1:31:10]} O-O {[%clk 1:32:15]} 6. c4 {[%clk 1:31:36]}
c6 {[%clk 1:32:18]} 7. Nbd2 {[%clk 1:31:03]} Nbd7 {[%clk 1:32:30]} 8. Qc2
{[%clk 1:31:25]} b6 {[%clk 1:32:54]} 9. e4 {[%clk 1:31:43]} Bb7 {[%clk
1:33:16]} 10. e5 {[%clk 1:31:52]} Ne8 {[%clk 1:33:39]} 11. cxd5 {[%clk
1:32:05]} cxd5 {[%clk 1:33:58]} 12. Re1 {[%clk 1:32:28]} Rc8 {[%clk 1:33:25]}
13. Qd1 {[%clk 1:32:53]} Nc7 {[%clk 1:32:24]} 14. Nf1 {[%clk 1:29:38]} a5
{[%clk 1:25:51]} 15. h4 {[%clk 1:26:17]} b5 {[%clk 1:18:42]} 16. N1h2 {[%clk
1:23:34]} b4 {[%clk 1:12:29]} 17. Bg5 {[%clk 1:09:16]} Ba6 {[%clk 1:08:47]} 18.
Rc1 {[%clk 1:05:32]} Nb6 {[%clk 0:47:50]} 19. Rc6 {[%clk 0:39:35]} Nca8 {[%clk
0:26:10]} 20. Rxc8 {[%clk 0:38:08]} Nxc8 {[%clk 0:23:09]} 21. Qa4 {[%clk
0:32:08]} Qb6 {[%clk 0:14:05]} 22. Rc1 {[%clk 0:30:39]} Bxg5 {[%clk 0:06:13]}
23. hxg5 {[%clk 0:29:43]} Na7 {[%clk 0:04:32]} 24. Ng4 {[%clk 0:29:16]} Bb5
{[%clk 0:01:40]} 25. Qc2 {[%clk 0:28:22]} Nc6 {[%clk 0:01:57]} 26. Qd2 {[%clk
0:11:26]} Ne7 {[%clk 0:01:13]} 27. Nf6+ {[%clk 0:10:04]} Kh8 {[%clk 0:01:37]}
28. Qf4 {[%clk 0:02:55]} Ng6 {[%clk 0:00:57]} 29. Qg4 {[%clk 0:03:16]} gxf6
{[%clk 0:00:50]} 30. gxf6 {[%clk 0:03:39]} Be2 {[%clk 0:00:33]} 31. Qh3 {[%clk
0:03:33]} Qb7 {[%clk 0:00:32]} 32. Qh6 {[%clk 0:03:28]} Rg8 {[%clk 0:00:57]}
33. Ng5 {[%clk 0:03:29]} Nf8 {[%clk 0:01:23]} 34. Rc8 {[%clk 0:03:39]} Qxc8
{[%clk 0:00:36]} 35. Nxf7# 1-0

[Event "DVM U20 2019"]
[Site "Braunschweig GER"]
[Date "2019.12.27"]
[Round "1"]
[White "Richter, Philipp"]
[Black "Schimnatkowski, Lukas"]
[Result "1/2-1/2"]
[Termination "normal"]
[Board "6.2"]
[WhiteElo "2084"]
[BlackElo "2157"]
[WhiteClock "00:30:19"]
[BlackClock "00:20:30"]
[WhiteTeam "USV TU Dresden"]
[BlackTeam "SF Katernberg"]
[PlyCount "82"]
[WhiteFideId "16219929"]
[BlackFideId "12936723"]
[EventCountry "GER"]
[EventRounds "7"]
[EventType "team-swiss"]
[EventDate "2019.12.26"]

1. d4 {[%clk 1:30:59]} Nf6 {[%clk 1:30:47]} 2. c4 e6 {[%clk 1:31:07]} 3. Nc3
{[%clk 1:31:48]} Bb4 4. Qc2 c5 {[%clk 1:30:22]} 5. dxc5 {[%clk 1:32:31]} Bxc5
{[%clk 1:28:00]} 6. Bf4 {[%clk 1:29:12]} b6 {[%clk 1:21:24]} 7. Nf3 {[%clk
1:27:40]} a6 8. e3 Bb7 {[%clk 1:21:29]} 9. Be2 {[%clk 1:27:56]} Be7 {[%clk
1:19:01]} 10. O-O {[%clk 1:28:14]} d6 {[%clk 1:17:49]} 11. h3 {[%clk 1:28:28]}
Nbd7 {[%clk 1:17:32]} 12. Rfd1 {[%clk 1:25:24]} Qc7 {[%clk 1:14:01]} 13. Qd2
{[%clk 1:21:43]} e5 {[%clk 1:06:49]} 14. Bg3 {[%clk 1:19:36]} O-O {[%clk
1:01:44]} 15. Ne1 {[%clk 1:11:34]} Rfd8 {[%clk 0:58:32]} 16. f3 {[%clk
1:10:24]} Rac8 {[%clk 0:53:58]} 17. Bf2 {[%clk 1:04:43]} e4 {[%clk 0:38:49]}
18. f4 {[%clk 0:57:44]} d5 {[%clk 0:37:02]} 19. cxd5 {[%clk 0:47:43]} Nc5
{[%clk 0:36:50]} 20. Nc2 {[%clk 0:43:33]} Nxd5 {[%clk 0:33:00]} 21. Nxd5 {[%clk
0:39:47]} Bxd5 {[%clk 0:29:48]} 22. Nd4 {[%clk 0:39:51]} Qb7 {[%clk 0:28:47]}
23. g4 {[%clk 0:26:40]} Nd3 {[%clk 0:22:01]} 24. Bxd3 {[%clk 0:25:35]} exd3
{[%clk 0:22:28]} 25. Qxd3 {[%clk 0:25:27]} Bg2 {[%clk 0:20:24]} 26. Kh2 {[%clk
0:25:34]} Rd6 {[%clk 0:18:34]} 27. Rg1 {[%clk 0:18:13]} Be4 {[%clk 0:14:57]}
28. Qe2 {[%clk 0:18:31]} Bf6 {[%clk 0:12:49]} 29. Rac1 {[%clk 0:17:05]} Rcd8
{[%clk 0:12:39]} 30. Rc3 {[%clk 0:15:36]} Qb8 {[%clk 0:11:34]} 31. Rgc1 {[%clk
0:10:25]} g5 {[%clk 0:10:26]} 32. Nc6 {[%clk 0:05:25]} Rxc6 {[%clk 0:03:44]}
33. Rxc6 {[%clk 0:05:39]} gxf4 {[%clk 0:01:37]} 34. Kg1 {[%clk 0:01:38]} Bxc6
{[%clk 0:00:42]} 35. Rxc6 {[%clk 0:02:02]} fxe3 {[%clk 0:00:48]} 36. Rxf6
{[%clk 0:02:15]} exf2+ {[%clk 0:01:07]} 37. Qxf2 {[%clk 0:02:18]} Qb7 {[%clk
0:00:39]} 38. Rxb6 {[%clk 0:01:30]} Rd1+ {[%clk 0:00:42]} 39. Kh2 {[%clk
0:01:53]} Rh1+ {[%clk 0:00:39]} 40. Kg3 {[%clk 0:02:16]} Qc7+ {[%clk 0:00:53]}
41. Kh4 {[%clk 0:30:19]} Qe7+ {[%clk 0:20:30]} *

[Event "DVM U20 2019"]
[Site "Braunschweig GER"]
[Date "2019.12.27"]
[Round "1"]
[White "Gorainow, Nikita"]
[Black "Schamschurko, André"]
[Result "1-0"]
[Termination "normal"]
[Board "6.3"]
[WhiteElo "1946"]
[BlackElo "1868"]
[WhiteClock "00:24:11"]
[BlackClock "00:26:39"]
[WhiteTeam "SF Katernberg"]
[BlackTeam "USV TU Dresden"]
[PlyCount "51"]
[WhiteFideId "12970093"]
[BlackFideId "24695670"]
[EventCountry "GER"]
[EventRounds "7"]
[EventType "team-swiss"]
[EventDate "2019.12.26"]

1. e4 c5 2. Nf3 Nc6 3. d4 cxd4 4. Nxd4 e5 5. Nb5 d6 6. N1c3 a6 {[%clk 1:32:50]}
7. Na3 {[%clk 1:32:52]} Be7 {[%clk 1:32:13]} 8. Nd5 {[%clk 1:28:56]} Nf6 {[%clk
1:28:26]} 9. Nxf6+ {[%clk 1:14:33]} Bxf6 {[%clk 1:28:26]} 10. Be2 {[%clk
1:13:57]} O-O {[%clk 1:28:01]} 11. O-O {[%clk 1:14:20]} Be6 {[%clk 1:19:52]}
12. c4 {[%clk 1:11:20]} Qc7 {[%clk 1:18:23]} 13. Be3 {[%clk 1:09:43]} Be7
{[%clk 1:12:37]} 14. Qd2 {[%clk 0:58:40]} f5 {[%clk 1:05:50]} 15. exf5 {[%clk
0:59:06]} Bxf5 {[%clk 1:05:19]} 16. Rac1 {[%clk 0:58:20]} Rad8 {[%clk 1:01:07]}
17. Rfd1 {[%clk 0:56:31]} Be6 {[%clk 0:59:34]} 18. Qc3 {[%clk 0:49:58]} Kh8
{[%clk 0:48:28]} 19. b4 {[%clk 0:39:56]} Qc8 {[%clk 0:31:50]} 20. b5 {[%clk
0:36:24]} axb5 {[%clk 0:29:56]} 21. cxb5 {[%clk 0:36:46]} Nb8 22. Qa5 {[%clk
0:36:06]} Qd7 {[%clk 0:29:05]} 23. Rc7 {[%clk 0:32:01]} Qe8 {[%clk 0:29:29]}
24. Rxb7 {[%clk 0:30:47]} Bxa2 {[%clk 0:28:56]} 25. Qa7 {[%clk 0:25:44]} Rd7
{[%clk 0:26:39]} 26. Rxb8 {[%clk 0:24:11]} 1-0

[Event "DVM U20 2019"]
[Site "Braunschweig GER"]
[Date "2019.12.27"]
[Round "1"]
[White "Schubert, Bernhard"]
[Black "Gallas, Noel"]
[Result "0-1"]
[Termination "normal"]
[Board "6.4"]
[WhiteElo "1586"]
[BlackElo "1785"]
[WhiteClock "00:01:09"]
[BlackClock "00:06:48"]
[WhiteTeam "USV TU Dresden"]
[BlackTeam "SF Katernberg"]
[PlyCount "60"]
[WhiteFideId "16281713"]
[BlackFideId "16216059"]
[EventCountry "GER"]
[EventRounds "7"]
[EventType "team-swiss"]
[EventDate "2019.12.26"]

1. d4 {[%clk 1:30:58]} d5 {[%clk 1:29:59]} 2. c4 {[%clk 1:31:20]} e6 {[%clk
1:30:25]} 3. Nc3 {[%clk 1:31:42]} Nf6 {[%clk 1:30:39]} 4. Bg5 {[%clk 1:31:44]}
Be7 {[%clk 1:30:55]} 5. e3 {[%clk 1:31:40]} O-O {[%clk 1:29:55]} 6. Nf3 {[%clk
1:31:19]} Nbd7 {[%clk 1:21:06]} 7. Bd3 {[%clk 1:30:12]} dxc4 {[%clk 1:16:48]}
8. Bxc4 {[%clk 1:30:24]} c5 {[%clk 1:16:07]} 9. O-O {[%clk 1:29:12]} cxd4
{[%clk 1:04:49]} 10. Nxd4 {[%clk 1:25:40]} Qa5 {[%clk 1:00:00]} 11. Bh4 {[%clk
1:06:13]} Ne5 {[%clk 0:54:29]} 12. Bd3 {[%clk 0:57:39]} Nxd3 {[%clk 0:39:09]}
13. Qxd3 {[%clk 0:54:17]} Rd8 {[%clk 0:32:43]} 14. Qb5 {[%clk 0:50:31]} Qxb5
{[%clk 0:26:18]} 15. Ncxb5 {[%clk 0:45:56]} Bd7 {[%clk 0:24:38]} 16. Nc3 {[%clk
0:39:26]} h6 {[%clk 0:22:54]} 17. Rfd1 {[%clk 0:35:28]} a6 {[%clk 0:20:09]} 18.
Rac1 {[%clk 0:32:09]} Rac8 {[%clk 0:19:07]} 19. Nf3 {[%clk 0:23:54]} Be8 {[%clk
0:16:04]} 20. e4 {[%clk 0:19:36]} g5 {[%clk 0:12:54]} 21. Bg3 {[%clk 0:14:18]}
Bb4 {[%clk 0:10:39]} 22. Rxd8 {[%clk 0:10:50]} Rxd8 {[%clk 0:11:02]} 23. Be5
{[%clk 0:03:22]} Bxc3 {[%clk 0:09:01]} 24. Bxc3 {[%clk 0:03:37]} Nxe4 {[%clk
0:07:57]} 25. Ba5 {[%clk 0:03:09]} Rd5 {[%clk 0:06:38]} 26. Rc8 {[%clk
0:01:02]} Rxa5 {[%clk 0:05:58]} 27. Rxe8+ {[%clk 0:01:10]} Kg7 {[%clk 0:06:23]}
28. h3 {[%clk 0:00:55]} Rxa2 {[%clk 0:06:23]} 29. Re7 {[%clk 0:00:52]} Rxb2
{[%clk 0:06:30]} 30. Ne5 {[%clk 0:01:09]} Kf6 {[%clk 0:06:48]} 0-1

[Event "DVM U20 2019"]
[Site "Braunschweig GER"]
[Date "2019.12.27"]
[Round "1"]
[White "Döpper, Anna Bérénice"]
[Black "Meyer, Julian"]
[Result "1-0"]
[Termination "normal"]
[Board "6.5"]
[WhiteElo "1855"]
[BlackElo "1664"]
[WhiteClock "00:51:14"]
[BlackClock "00:30:45"]
[WhiteTeam "SF Katernberg"]
[BlackTeam "USV TU Dresden"]
[PlyCount "121"]
[WhiteFideId "1271853"]
[BlackFideId "16298608"]
[EventCountry "GER"]
[EventRounds "7"]
[EventType "team-swiss"]
[EventDate "2019.12.26"]

1. e4 Nf6 {[%clk 1:30:56]} 2. e5 {[%clk 1:31:22]} Nd5 {[%clk 1:31:24]} 3. d4 d6
{[%clk 1:31:51]} 4. Nf3 {[%clk 1:32:13]} Nc6 {[%clk 1:32:13]} 5. exd6 {[%clk
1:32:22]} exd6 {[%clk 1:32:29]} 6. c4 {[%clk 1:32:42]} Nb6 {[%clk 1:32:54]} 7.
Bd3 {[%clk 1:32:24]} Bg4 {[%clk 1:33:03]} 8. Be3 {[%clk 1:28:44]} Be7 {[%clk
1:28:03]} 9. Nbd2 {[%clk 1:25:28]} Qd7 {[%clk 1:17:20]} 10. a3 {[%clk 1:19:48]}
h5 {[%clk 1:04:52]} 11. Qc2 {[%clk 1:03:42]} g6 12. d5 Ne5 {[%clk 0:56:21]} 13.
Nxe5 {[%clk 1:01:47]} dxe5 {[%clk 0:56:44]} 14. Qc3 Bf6 {[%clk 0:45:49]} 15.
Ne4 {[%clk 1:01:37]} Bg7 {[%clk 0:46:06]} 16. Bg5 {[%clk 1:00:48]} O-O 17. Nf6+
{[%clk 0:53:34]} Bxf6 {[%clk 0:35:13]} 18. Bxf6 {[%clk 0:54:01]} Rfe8 19. O-O
Bf5 {[%clk 0:32:34]} 20. Rfe1 {[%clk 0:42:13]} Bxd3 {[%clk 0:31:57]} 21. Qxd3
{[%clk 0:42:38]} Qd6 {[%clk 0:30:06]} 22. Bg5 {[%clk 0:40:55]} c6 {[%clk
0:26:37]} 23. b4 {[%clk 0:33:18]} Kg7 {[%clk 0:22:32]} 24. Rad1 f6 {[%clk
0:22:50]} 25. Be3 {[%clk 0:32:42]} Rad8 26. Qb3 {[%clk 0:30:39]} Qd7 {[%clk
0:15:02]} 27. dxc6 {[%clk 0:26:54]} Qxc6 {[%clk 0:15:20]} 28. c5 {[%clk
0:26:48]} Nd7 29. Rd6 {[%clk 0:24:48]} Nxc5 {[%clk 0:09:20]} 30. bxc5 {[%clk
0:25:02]} Rxd6 {[%clk 0:09:44]} 31. cxd6 {[%clk 0:25:29]} Qxd6 {[%clk 0:10:00]}
32. Qxb7+ {[%clk 0:25:52]} Re7 {[%clk 0:10:20]} 33. Qb4 Qe6 {[%clk 0:08:23]}
34. Rd1 {[%clk 0:24:40]} Rd7 {[%clk 0:07:37]} 35. Rxd7+ {[%clk 0:24:48]} Qxd7
{[%clk 0:08:03]} 36. h3 {[%clk 0:25:06]} a6 {[%clk 0:08:09]} 37. Qb6 {[%clk
0:23:45]} Qc8 {[%clk 0:07:10]} 38. Qa7+ {[%clk 0:23:38]} Kf8 {[%clk 0:06:27]}
39. Qc5+ {[%clk 0:21:27]} Qxc5 {[%clk 0:06:44]} 40. Bxc5+ {[%clk 0:21:51]} Kf7
{[%clk 0:07:05]} 41. Kf1 {[%clk 0:22:17]} Ke6 {[%clk 0:07:16]} 42. Ke2 {[%clk
0:22:43]} Kd5 {[%clk 0:07:16]} 43. Bb4 {[%clk 0:22:07]} Ke4 {[%clk 0:07:16]}
44. f3+ {[%clk 0:20:49]} Kd4 45. Ba5 {[%clk 0:20:51]} f5 {[%clk 0:06:44]} 46.
Bb6+ {[%clk 0:21:07]} Kd5 {[%clk 0:07:09]} 47. Ke3 {[%clk 0:20:26]} Kc6 48. Ba5
{[%clk 0:19:38]} Kd5 {[%clk 0:04:42]} 49. h4 {[%clk 0:19:56]} Ke6 {[%clk
0:04:19]} 50. f4 e4 {[%clk 0:02:02]} 51. Kd4 {[%clk 0:20:28]} Kd6 52. Bb4+
{[%clk 0:19:33]} Kc6 {[%clk 0:02:19]} 53. a4 Kb6 {[%clk 0:01:28]} 54. Kd5
{[%clk 0:19:42]} Kc7 55. a5 Kd7 {[%clk 0:01:14]} 56. Bc5 {[%clk 0:19:59]} Kc7
57. Bb6+ {[%clk 0:20:03]} Kd7 {[%clk 0:01:12]} 58. g3 Kc8 {[%clk 0:29:56]} 59.
Ke6 {[%clk 0:50:50]} Kb7 {[%clk 0:30:17]} 60. Kf6 {[%clk 0:51:14]} Kc6 {[%clk
0:30:45]} 61. Kxg6 1-0

[Event "DVM U20 2019"]
[Site "Braunschweig GER"]
[Date "2019.12.27"]
[Round "1"]
[White "Peukert, Marc"]
[Black "Celik, Cem"]
[Result "1/2-1/2"]
[Termination "normal"]
[Board "6.6"]
[WhiteElo "1518"]
[BlackElo "1767"]
[WhiteClock "00:10:34"]
[BlackClock "00:41:19"]
[WhiteTeam "USV TU Dresden"]
[BlackTeam "SF Katernberg"]
[PlyCount "74"]
[WhiteFideId "16259440"]
[BlackFideId "16206673"]
[EventCountry "GER"]
[EventRounds "7"]
[EventType "team-swiss"]
[EventDate "2019.12.26"]

1. Nf3 {[%clk 1:30:55]} d5 {[%clk 1:30:57]} 2. c4 {[%clk 1:31:16]} Nf6 {[%clk
1:31:22]} 3. Nc3 {[%clk 1:29:35]} c6 {[%clk 1:31:46]} 4. d3 {[%clk 1:24:45]} g6
{[%clk 1:31:06]} 5. g3 {[%clk 1:24:06]} Bg7 {[%clk 1:30:51]} 6. Bg2 {[%clk
1:24:19]} O-O {[%clk 1:30:54]} 7. O-O {[%clk 1:24:26]} Nbd7 {[%clk 1:30:53]} 8.
Qc2 {[%clk 1:22:50]} e5 {[%clk 1:29:21]} 9. Bg5 {[%clk 1:19:21]} Qe8 {[%clk
1:28:40]} 10. Rac1 {[%clk 1:16:56]} h6 {[%clk 1:26:11]} 11. Bd2 {[%clk
1:15:22]} Nb6 {[%clk 1:15:33]} 12. cxd5 {[%clk 1:01:56]} cxd5 {[%clk 1:15:27]}
13. Qb3 {[%clk 0:58:15]} Be6 {[%clk 1:12:43]} 14. Nb1 {[%clk 0:48:40]} Nfd7
{[%clk 1:10:38]} 15. Bb4 {[%clk 0:48:06]} e4 {[%clk 1:09:12]} 16. Nfd2 {[%clk
0:47:10]} d4 {[%clk 1:08:56]} 17. Nc4 {[%clk 0:45:34]} Nxc4 {[%clk 1:02:55]}
18. dxc4 {[%clk 0:44:50]} f5 {[%clk 1:02:48]} 19. Bxf8 {[%clk 0:44:45]} Bxf8
{[%clk 1:02:48]} 20. Qxb7 {[%clk 0:36:45]} Rb8 {[%clk 1:03:08]} 21. Qxa7 {[%clk
0:36:04]} Bc5 {[%clk 1:02:32]} 22. Qa4 {[%clk 0:34:40]} Rxb2 {[%clk 1:02:37]}
23. Rfe1 {[%clk 0:30:27]} d3 {[%clk 0:52:59]} 24. Qd1 {[%clk 0:26:36]} e3
{[%clk 0:50:43]} 25. fxe3 {[%clk 0:22:26]} Bxe3+ {[%clk 0:51:06]} 26. Kf1
{[%clk 0:22:30]} dxe2+ {[%clk 0:51:25]} 27. Rxe2 {[%clk 0:22:47]} Rxe2 {[%clk
0:51:31]} 28. Kxe2 {[%clk 0:21:14]} Bxc1 {[%clk 0:51:56]} 29. Qxc1 {[%clk
0:21:17]} Bxc4+ {[%clk 0:51:50]} 30. Kf2 {[%clk 0:21:38]} Qe2+ {[%clk 0:51:22]}
31. Kg1 {[%clk 0:21:59]} Ne5 {[%clk 0:50:54]} 32. Nc3 {[%clk 0:19:39]} Qd3
{[%clk 0:45:31]} 33. Qe1 {[%clk 0:12:02]} Qd4+ {[%clk 0:44:21]} 34. Kh1 {[%clk
0:11:59]} Nd3 {[%clk 0:43:52]} 35. Qe8+ {[%clk 0:10:51]} Kg7 {[%clk 0:43:51]}
36. Qe7+ {[%clk 0:11:11]} Bf7 {[%clk 0:44:04]} 37. Bd5 {[%clk 0:10:34]} Ne5
{[%clk 0:41:19]} 1/2-1/2

[Event "DVM U20 2019"]
[Site "Braunschweig GER"]
[Date "2019.12.27"]
[Round "1"]
[White "Thomsen, Phil"]
[Black "Joeres, Stefan"]
[Result "1/2-1/2"]
[Termination "normal"]
[Board "7.1"]
[WhiteElo "2147"]
[BlackElo "2201"]
[WhiteClock "00:13:13"]
[BlackClock "00:08:41"]
[WhiteTeam "Sges Bensheim 1931"]
[BlackTeam "Karlsruher SF"]
[PlyCount "85"]
[WhiteFideId "12955736"]
[BlackFideId "12983160"]
[EventCountry "GER"]
[EventRounds "7"]
[EventType "team-swiss"]
[EventDate "2019.12.26"]

1. e4 {[%clk 1:30:56]} c5 {[%clk 1:30:58]} 2. Nf3 {[%clk 1:31:22]} e6 {[%clk
1:31:25]} 3. d4 {[%clk 1:31:44]} cxd4 {[%clk 1:31:54]} 4. Nxd4 {[%clk 1:32:07]}
Nc6 {[%clk 1:32:23]} 5. Nb5 {[%clk 1:26:27]} d6 {[%clk 1:32:37]} 6. c4 {[%clk
1:25:22]} Nf6 {[%clk 1:32:59]} 7. N1c3 {[%clk 1:25:17]} a6 {[%clk 1:33:25]} 8.
Nd4 e5 {[%clk 1:22:10]} 9. Nxc6 {[%clk 1:15:34]} bxc6 {[%clk 1:22:05]} 10. g3
{[%clk 1:15:29]} Be6 {[%clk 1:20:59]} 11. Qa4 {[%clk 1:05:27]} Qc7 {[%clk
1:08:53]} 12. Bg2 {[%clk 0:53:27]} Nd7 {[%clk 1:08:02]} 13. Be3 {[%clk
0:51:14]} Be7 {[%clk 1:04:26]} 14. O-O {[%clk 0:47:00]} O-O {[%clk 1:01:35]}
15. Rac1 {[%clk 0:45:17]} Nb6 {[%clk 0:59:31]} 16. Qa5 {[%clk 0:41:17]} Rfb8
{[%clk 0:51:38]} 17. Na4 {[%clk 0:38:23]} c5 {[%clk 0:49:43]} 18. f4 {[%clk
0:33:37]} Qc6 {[%clk 0:42:54]} 19. Nxb6 {[%clk 0:32:59]} Qxb6 {[%clk 0:42:54]}
20. Qxb6 {[%clk 0:32:58]} Rxb6 {[%clk 0:43:23]} 21. Rc2 {[%clk 0:29:49]} Rab8
{[%clk 0:41:59]} 22. Rff2 {[%clk 0:29:19]} Rb4 {[%clk 0:38:14]} 23. b3 {[%clk
0:27:45]} R4b7 {[%clk 0:36:20]} 24. Bd2 {[%clk 0:27:15]} Bd8 {[%clk 0:36:18]}
25. Bc3 {[%clk 0:26:55]} f6 {[%clk 0:35:52]} 26. Rcd2 {[%clk 0:25:31]} Bc7
{[%clk 0:34:53]} 27. Bf3 {[%clk 0:19:17]} a5 28. Bh5 {[%clk 0:15:55]} a4 {[%clk
0:30:53]} 29. f5 {[%clk 0:14:30]} Bd7 {[%clk 0:30:09]} 30. Bd1 {[%clk 0:14:56]}
Bc6 {[%clk 0:30:12]} 31. Rfe2 {[%clk 0:14:54]} Kf8 {[%clk 0:28:03]} 32. Kf2
{[%clk 0:15:14]} Ke7 {[%clk 0:27:52]} 33. Ke3 {[%clk 0:15:28]} Be8 {[%clk
0:27:52]} 34. Rg2 {[%clk 0:14:32]} Ra8 {[%clk 0:27:17]} 35. g4 {[%clk 0:14:15]}
axb3 {[%clk 0:18:56]} 36. axb3 {[%clk 0:14:24]} Ba5 {[%clk 0:18:36]} 37. Bxa5
{[%clk 0:13:14]} Rxa5 {[%clk 0:17:53]} 38. h4 {[%clk 0:11:22]} Ra3 {[%clk
0:16:02]} 39. g5 {[%clk 0:10:01]} Rb6 {[%clk 0:14:41]} 40. Rd3 {[%clk 0:06:07]}
Ra1 {[%clk 0:12:34]} 41. Rgd2 {[%clk 0:00:39]} Raa6 {[%clk 0:09:38]} 42. Rg2
{[%clk 0:01:00]} Ra1 {[%clk 0:08:41]} 43. Rgd2 {[%clk 0:13:13]} *

[Event "DVM U20 2019"]
[Site "Braunschweig GER"]
[Date "2019.12.27"]
[Round "1"]
[White "Koll, Lukas"]
[Black "Keller, Yannik"]
[Result "0-1"]
[Termination "normal"]
[Board "7.2"]
[WhiteElo "2093"]
[BlackElo "2020"]
[WhiteClock "00:47:35"]
[BlackClock "00:21:32"]
[WhiteTeam "Karlsruher SF"]
[BlackTeam "Sges Bensheim 1931"]
[PlyCount "36"]
[WhiteFideId "12969737"]
[BlackFideId "12970204"]
[EventCountry "GER"]
[EventRounds "7"]
[EventType "team-swiss"]
[EventDate "2019.12.26"]

1. c4 {[%clk 1:30:58]} e5 {[%clk 1:30:53]} 2. g3 {[%clk 1:31:21]} c6 {[%clk
1:31:13]} 3. d4 {[%clk 1:31:44]} e4 {[%clk 1:30:55]} 4. Nc3 {[%clk 1:30:17]} d5
{[%clk 1:29:56]} 5. cxd5 {[%clk 1:29:46]} cxd5 {[%clk 1:30:17]} 6. Qb3 {[%clk
1:30:13]} Nc6 {[%clk 1:25:20]} 7. Qxd5 {[%clk 1:27:56]} Qxd5 {[%clk 1:08:52]}
8. Nxd5 {[%clk 1:27:47]} Nxd4 {[%clk 1:00:42]} 9. Nc7+ {[%clk 1:27:02]} Kd8
{[%clk 1:00:06]} 10. Nxa8 {[%clk 1:27:27]} Nc2+ {[%clk 1:00:26]} 11. Kd1 {[%clk
1:27:52]} Nxa1 {[%clk 1:00:45]} 12. Bf4 {[%clk 1:27:27]} Be6 {[%clk 0:57:38]}
13. Bc7+ {[%clk 1:13:00]} Kd7 {[%clk 0:49:52]} 14. Nh3 {[%clk 1:06:13]} Bxa2
{[%clk 0:45:45]} 15. Ng5 {[%clk 0:59:09]} Bb4 {[%clk 0:33:27]} 16. Bf4 {[%clk
0:53:52]} Nf6 {[%clk 0:30:59]} 17. Nc7 Rd8 {[%clk 0:22:46]} 18. b3 {[%clk
0:47:35]} Kc6+ {[%clk 0:21:32]} 0-1